Mathématiques rapides : réduisez de moitié ce nombre ! - Statistiques

Statistiques générales
  • Ce quiz a été pris 737 fois
  • Le résultat moyen est 10 sur 20
Statistiques - réponses
nombre moitié % Correct
250 125
100%
28 14
100%
282 141
100%
300 150
100%
40 20
100%
46 23
100%
488 244
100%
50 25
100%
500 250
100%
506 253
100%
610 305
100%
614 307
100%
622 311
100%
624 312
100%
646 323
100%
66 33
100%
670 335
100%
806 403
100%
810 405
100%
814 407
100%
88 44
100%
880 440
100%
888 444
100%
92 46
100%
1020 510
100%
1180 590
100%
12 6
100%
1228 614
100%
14 7
100%
1448 724
100%
1504 752
100%
180 90
100%
1828 914
100%
702 351
92%
80 40
92%
1000 500
92%
414 207
91%
10 5
91%
222 111
90%
884 442
90%
114 57
90%
240 120
89%
620 310
89%
848 424
89%
148 74
89%
1840 920
89%
36 18
88%
68 34
88%
72 36
88%
96 48
88%
1024 512
88%
1100 550
88%
1200 600
88%
1408 704
88%
200 100
86%
218 109
86%
328 164
86%
400 200
86%
412 206
86%
422 211
86%
442 221
86%
444 222
86%
460 230
86%
524 262
86%
552 276
86%
60 30
86%
70 35
86%
1010 505
86%
1040 520
86%
112 56
86%
130 65
86%
140 70
86%
264 132
85%
52 26
85%
224 112
83%
254 127
83%
260 130
83%
304 152
83%
402 201
83%
54 27
83%
678 339
83%
800 400
83%
802 401
83%
1004 502
83%
104 52
83%
146 73
83%
1826 913
83%
190 95
83%
202 101
82%
288 144
82%
34 17
82%
390 195
82%
430 215
82%
480 240
82%
56 28
82%
602 301
82%
780 390
82%
842 421
82%
160 80
82%
22 11
80%
236 118
80%
416 208
80%
458 229
80%
462 231
80%
600 300
80%
608 304
80%
64 32
80%
812 406
80%
94 47
80%
998 499
80%
1060 530
80%
1080 540
80%
1136 568
80%
1402 701
80%
1444 722
80%
1606 803
80%
1630 815
80%
818 409
79%
1030 515
79%
212 106
78%
244 122
78%
262 131
78%
268 134
78%
32 16
78%
350 175
78%
404 202
78%
408 204
78%
546 273
78%
628 314
78%
1002 501
78%
1310 655
78%
450 225
77%
900 450
77%
100 50
77%
24 12
75%
280 140
75%
290 145
75%
320 160
75%
396 198
75%
420 210
75%
484 242
75%
556 278
75%
700 350
75%
804 402
75%
820 410
75%
830 415
75%
904 452
75%
1018 509
75%
102 51
75%
1022 511
75%
1056 528
75%
1120 560
75%
1202 601
75%
126 63
75%
1424 712
75%
154 77
75%
158 79
75%
164 82
75%
1664 832
75%
1884 942
75%
194 97
75%
226 113
73%
230 115
73%
266 133
73%
494 247
73%
502 251
73%
644 322
73%
724 362
73%
886 443
73%
106 53
73%
1604 802
73%
20 10
71%
206 103
71%
242 121
71%
248 124
71%
26 13
71%
272 136
71%
284 142
71%
340 170
71%
370 185
71%
490 245
71%
512 256
71%
548 274
71%
560 280
71%
642 321
71%
716 358
71%
864 432
71%
916 458
71%
940 470
71%
1006 503
71%
1008 504
71%
110 55
71%
128 64
71%
1280 640
71%
1406 703
71%
1468 734
71%
1980 990
71%
30 15
70%
306 153
70%
436 218
70%
466 233
70%
604 302
70%
626 313
70%
1036 518
70%
1050 525
70%
1108 554
70%
302 151
69%
668 334
69%
706 353
69%
1240 620
69%
214 107
67%
234 117
67%
270 135
67%
286 143
67%
292 146
67%
298 149
67%
312 156
67%
330 165
67%
360 180
67%
366 183
67%
374 187
67%
406 203
67%
434 217
67%
438 219
67%
492 246
67%
498 249
67%
504 252
67%
516 258
67%
550 275
67%
580 290
67%
634 317
67%
648 324
67%
660 330
67%
684 342
67%
690 345
67%
76 38
67%
84 42
67%
846 423
67%
860 430
67%
874 437
67%
892 446
67%
98 49
67%
1012 506
67%
1062 531
67%
1066 533
67%
1088 544
67%
1090 545
67%
116 58
67%
120 60
67%
1218 609
67%
122 61
67%
1226 613
67%
1234 617
67%
1250 625
67%
1260 630
67%
1264 632
67%
1302 651
67%
1314 657
67%
132 66
67%
1360 680
67%
1400 700
67%
142 71
67%
1440 720
67%
1494 747
67%
1528 764
67%
1534 767
67%
1582 791
67%
174 87
67%
1762 881
67%
18 9
67%
1800 900
67%
1818 909
67%
1820 910
67%
1856 928
67%
278 139
64%
356 178
64%
38 19
64%
410 205
64%
432 216
64%
44 22
64%
540 270
64%
650 325
64%
740 370
64%
1054 527
64%
124 62
64%
1286 643
64%
1622 811
64%
220 110
63%
308 154
63%
310 155
63%
388 194
63%
392 196
63%
42 21
63%
424 212
63%
428 214
63%
590 295
63%
62 31
63%
640 320
63%
680 340
63%
744 372
63%
946 473
63%
980 490
63%
1212 606
63%
1284 642
63%
1300 650
63%
1420 710
63%
1422 711
63%
1490 745
63%
152 76
63%
1520 760
63%
1720 860
63%
176 88
63%
1804 902
63%
1850 925
63%
276 138
62%
482 241
62%
672 336
62%
82 41
62%
866 433
62%
1082 541
62%
144 72
62%
1602 801
62%
1798 899
62%
204 102
60%
208 104
60%
210 105
60%
316 158
60%
362 181
60%
382 191
60%
448 224
60%
510 255
60%
518 259
60%
528 264
60%
582 291
60%
664 332
60%
726 363
60%
78 39
60%
808 404
60%
838 419
60%
86 43
60%
90 45
60%
990 495
60%
1046 523
60%
1070 535
60%
1104 552
60%
1116 558
60%
1128 564
60%
1210 605
60%
1340 670
60%
1404 702
60%
1418 709
60%
172 86
60%
186 93
60%
192 96
60%
612 306
58%
710 355
58%
816 408
58%
854 427
58%
994 497
58%
1670 835
58%
228 114
57%
336 168
57%
446 223
57%
526 263
57%
530 265
57%
534 267
57%
616 308
57%
638 319
57%
662 331
57%
704 352
57%
834 417
57%
850 425
57%
862 431
57%
1194 597
57%
1214 607
57%
1216 608
57%
1410 705
57%
1478 739
57%
1496 748
57%
1500 750
57%
1634 817
57%
166 83
57%
1768 884
57%
1854 927
57%
1868 934
57%
1900 950
57%
1904 952
57%
216 108
56%
372 186
56%
472 236
56%
606 303
56%
632 316
56%
708 354
56%
760 380
56%
930 465
56%
1140 570
56%
1204 602
56%
1282 641
56%
1306 653
56%
134 67
56%
1396 698
56%
1428 714
56%
1464 732
56%
1700 850
56%
1864 932
56%
1880 940
56%
1906 953
56%
1912 956
56%
418 209
55%
682 341
55%
720 360
55%
74 37
55%
790 395
55%
870 435
55%
902 451
55%
906 453
55%
942 471
55%
1014 507
55%
1044 522
55%
1084 542
55%
1190 595
55%
1322 661
55%
1414 707
55%
1450 725
55%
1544 772
55%
1600 800
55%
1934 967
55%
844 422
54%
1242 621
54%
1512 756
54%
1230 615
53%
238 119
50%
322 161
50%
324 162
50%
346 173
50%
348 174
50%
354 177
50%
378 189
50%
386 193
50%
398 199
50%
440 220
50%
452 226
50%
456 228
50%
470 235
50%
474 237
50%
48 24
50%
486 243
50%
532 266
50%
544 272
50%
618 309
50%
630 315
50%
658 329
50%
674 337
50%
714 357
50%
722 361
50%
732 366
50%
754 377
50%
758 379
50%
786 393
50%
836 418
50%
856 428
50%
868 434
50%
878 439
50%
890 445
50%
912 456
50%
914 457
50%
926 463
50%
932 466
50%
966 483
50%
982 491
50%
984 492
50%
1028 514
50%
1038 519
50%
1042 521
50%
1048 524
50%
1052 526
50%
1064 532
50%
1078 539
50%
1086 543
50%
1102 551
50%
1142 571
50%
118 59
50%
1208 604
50%
1232 616
50%
1236 618
50%
1274 637
50%
1276 638
50%
1288 644
50%
1346 673
50%
1390 695
50%
1412 706
50%
1426 713
50%
1432 716
50%
1446 723
50%
1458 729
50%
1460 730
50%
1462 731
50%
1466 733
50%
1474 737
50%
1480 740
50%
1486 743
50%
150 75
50%
1542 771
50%
1564 782
50%
1590 795
50%
16 8
50%
1620 810
50%
1636 818
50%
1646 823
50%
1650 825
50%
1652 826
50%
168 84
50%
1696 848
50%
170 85
50%
1772 886
50%
1782 891
50%
1802 901
50%
1808 904
50%
1812 906
50%
182 91
50%
1830 915
50%
1858 929
50%
1866 933
50%
1892 946
50%
1896 948
50%
1918 959
50%
1942 971
50%
1968 984
50%
198 99
50%
246 123
46%
256 128
46%
960 480
46%
1222 611
46%
1246 623
46%
1502 751
46%
1568 784
46%
496 248
45%
712 356
45%
766 383
45%
1076 538
45%
1096 548
45%
1220 610
45%
1320 660
45%
1366 683
45%
1492 746
45%
1560 780
45%
1846 923
45%
1848 924
45%
368 184
44%
454 227
44%
514 257
44%
58 29
44%
594 297
44%
688 344
44%
824 412
44%
936 468
44%
1074 537
44%
1110 555
44%
1114 557
44%
1124 562
44%
1238 619
44%
1252 626
44%
1268 634
44%
1330 665
44%
138 69
44%
1384 692
44%
1482 741
44%
1640 820
44%
1644 822
44%
1686 843
44%
1790 895
44%
1814 907
44%
1824 912
44%
1888 944
44%
1960 980
44%
232 116
43%
318 159
43%
338 169
43%
364 182
43%
376 188
43%
426 213
43%
520 260
43%
588 294
43%
686 343
43%
748 374
43%
794 397
43%
796 398
43%
822 411
43%
908 454
43%
920 460
43%
1016 508
43%
1122 561
43%
1156 578
43%
1176 588
43%
1244 622
43%
1290 645
43%
1380 690
43%
1436 718
43%
1484 742
43%
1510 755
43%
1608 804
43%
1660 830
43%
1692 846
43%
1786 893
43%
1836 918
43%
1838 919
43%
1894 947
43%
1944 972
43%
1952 976
43%
464 232
42%
654 327
42%
1160 580
42%
1722 861
42%
1932 966
42%
344 172
40%
380 190
40%
384 192
40%
522 261
40%
536 268
40%
718 359
40%
782 391
40%
792 396
40%
840 420
40%
896 448
40%
922 461
40%
1032 516
40%
1072 536
40%
1152 576
40%
1184 592
40%
1224 612
40%
1270 635
40%
1344 672
40%
1352 676
40%
1442 721
40%
1454 727
40%
1546 773
40%
1548 774
40%
1748 874
40%
1810 905
40%
1842 921
40%
1844 922
40%
1862 931
40%
1874 937
40%
1878 939
40%
1902 951
40%
1916 958
40%
334 167
38%
352 176
38%
578 289
38%
692 346
38%
696 348
38%
728 364
38%
734 367
38%
872 436
38%
910 455
38%
1258 629
38%
1266 633
38%
1334 667
38%
1434 717
38%
1488 744
38%
1556 778
38%
156 78
38%
1680 840
38%
1710 855
38%
1738 869
38%
1816 908
38%
1834 917
38%
184 92
38%
1852 926
38%
252 126
36%
314 157
36%
554 277
36%
584 292
36%
828 414
36%
918 459
36%
988 494
36%
1610 805
36%
1870 935
36%
1882 941
36%
326 163
33%
342 171
33%
508 254
33%
542 271
33%
572 286
33%
652 326
33%
676 338
33%
694 347
33%
736 368
33%
742 371
33%
826 413
33%
924 462
33%
928 464
33%
934 467
33%
944 472
33%
950 475
33%
1026 513
33%
1068 534
33%
1094 547
33%
1112 556
33%
1130 565
33%
1162 581
33%
1174 587
33%
1256 628
33%
1296 648
33%
1308 654
33%
1324 662
33%
1342 671
33%
1364 682
33%
1370 685
33%
1394 697
33%
1438 719
33%
1506 753
33%
1526 763
33%
1536 768
33%
1578 789
33%
1598 799
33%
1616 808
33%
1618 809
33%
1628 814
33%
1642 821
33%
1674 837
33%
1676 838
33%
1688 844
33%
1736 868
33%
1764 882
33%
178 89
33%
1788 894
33%
1832 916
33%
188 94
33%
1914 957
33%
1920 960
33%
1930 965
33%
1940 970
33%
1972 986
33%
1982 991
33%
1984 992
33%
636 318
31%
1532 766
31%
478 239
30%
858 429
30%
954 477
30%
1126 563
30%
1312 656
30%
1318 659
30%
1886 943
30%
1924 962
30%
1948 974
30%
196 98
30%
586 293
29%
750 375
29%
756 378
29%
784 392
29%
962 481
29%
1092 546
29%
1148 574
29%
1170 585
29%
1298 649
29%
1338 669
29%
1368 684
29%
1398 699
29%
1416 708
29%
1430 715
29%
1572 786
29%
1624 812
29%
1706 853
29%
1726 863
29%
1730 865
29%
1734 867
29%
1860 930
29%
1876 938
29%
1966 983
29%
1974 987
29%
1144 572
27%
1348 674
27%
1362 681
27%
1530 765
27%
1558 779
27%
1570 785
27%
1594 797
27%
1740 870
27%
1988 994
27%
294 147
25%
394 197
25%
476 238
25%
566 283
25%
570 285
25%
666 333
25%
770 385
25%
798 399
25%
958 479
25%
986 493
25%
992 496
25%
108 54
25%
1178 589
25%
1350 675
25%
1382 691
25%
1386 693
25%
1472 736
25%
1498 749
25%
1516 758
25%
1518 759
25%
1554 777
25%
1632 816
25%
1672 836
25%
1678 839
25%
1698 849
25%
1702 851
25%
1714 857
25%
1718 859
25%
1742 871
25%
1750 875
25%
1758 879
25%
1778 889
25%
1806 903
25%
1822 911
25%
1890 945
25%
1898 949
25%
1950 975
25%
1958 979
25%
1976 988
25%
1196 598
24%
1986 993
24%
592 296
23%
1158 579
23%
1456 728
23%
1970 985
23%
332 166
22%
468 234
22%
558 279
22%
656 328
22%
768 384
22%
1034 517
22%
1150 575
22%
1164 582
22%
1182 591
22%
1198 599
22%
1206 603
22%
1278 639
22%
1376 688
22%
1392 696
22%
1452 726
22%
1522 761
22%
1576 788
22%
1612 806
22%
1626 813
22%
1658 829
22%
1684 842
22%
1754 877
22%
1794 897
22%
1910 955
22%
1922 961
22%
1146 573
21%
274 137
20%
576 288
20%
698 349
20%
762 381
20%
778 389
20%
832 416
20%
852 426
20%
894 447
20%
948 474
20%
952 476
20%
956 478
20%
1058 529
20%
1098 549
20%
1118 559
20%
1172 586
20%
1188 594
20%
1262 631
20%
1358 679
20%
1374 687
20%
1476 738
20%
1514 757
20%
1524 762
20%
1584 792
20%
1588 794
20%
1596 798
20%
1694 847
20%
1708 854
20%
1712 856
20%
1724 862
20%
1728 864
20%
1956 978
20%
1978 989
20%
538 269
18%
562 281
18%
564 282
18%
968 484
18%
1168 584
18%
1336 668
18%
1550 775
18%
162 81
18%
1656 828
18%
1908 954
18%
772 386
17%
776 388
17%
788 394
17%
876 438
17%
882 441
17%
972 486
17%
976 488
17%
1138 569
17%
1304 652
17%
1316 658
17%
1354 677
17%
1470 735
17%
1508 754
17%
1538 769
17%
1580 790
17%
1704 852
17%
1756 878
17%
1760 880
17%
1784 892
17%
1926 963
17%
1928 964
17%
1954 977
17%
1962 981
17%
752 376
15%
1292 646
15%
1378 689
15%
1746 873
15%
1938 969
15%
296 148
14%
574 287
14%
730 365
14%
974 487
14%
1134 567
14%
1328 664
14%
1356 678
14%
1574 787
14%
1668 834
14%
1776 888
14%
1780 890
14%
568 284
13%
598 299
13%
898 449
13%
1552 776
13%
1562 781
13%
1592 796
13%
1614 807
13%
1752 876
13%
764 382
11%
774 387
11%
938 469
11%
978 489
11%
1248 624
11%
1638 819
11%
1662 831
11%
1690 845
11%
1332 666
10%
1654 827
10%
1770 885
10%
1964 982
10%
358 179
9%
1192 596
9%
996 498
8%
1566 783
8%
1872 936
8%
258 129
0%
596 298
0%
738 369
0%
746 373
0%
964 482
0%
970 485
0%
1106 553
0%
1132 566
0%
1154 577
0%
1166 583
0%
1186 593
0%
1254 627
0%
1272 636
0%
1294 647
0%
1326 663
0%
136 68
0%
1372 686
0%
1388 694
0%
1540 770
0%
1586 793
0%
1648 824
0%
1666 833
0%
1682 841
0%
1716 858
0%
1732 866
0%
1744 872
0%
1766 883
0%
1774 887
0%
1792 896
0%
1796 898
0%
1936 968
0%
1946 973
0%
Aucun quiz correspondant
Distribution des résultats
% des personnes avec chaque résultat
Percentile par nombre de réponses
Votre historique - résultats
Vous n’avez pas pris ce quiz